Catálogo

Understanding finance : (Registro nro. 66960)

Detalles MARC
000 -LEADER
fixed length control field 00737nam a2200241 u 4500
001 - CONTROL NUMBER
control field 66960
005 - DATE AND TIME OF LATEST TRANSACTION
control field 20191007111036.0
008 - FIXED-LENGTH DATA ELEMENTS--GENERAL INFORMATION
fixed length control field 170321s2007 xxu r 000 0 eng d
020 ## - INTERNATIONAL STANDARD BOOK NUMBER
International Standard Book Number 9781422118832
040 ## - CATALOGING SOURCE
Description conventions rda
041 0# - LANGUAGE CODE
Language code of text/sound track or separate title eng
082 0# - DEWEY DECIMAL CLASSIFICATION NUMBER
Classification number 658.15
Item number UND
245 00 - TITLE STATEMENT
Title Understanding finance :
Remainder of title expert solutions to everyday challenges.
250 ## - EDITION STATEMENT
Edition statement [First edition]
264 #1 - PRODUCTION, PUBLICATION, DISTRIBUTION, MANUFACTURE, AND COPYRIGHT NOTICE
Place of production, publication, distribution, manufacture United States of America :
Name of producer, publisher, distributor, manufacturer Harvard Business School Publishing Corporation,
Date of production, publication, distribution, manufacture, or copyright notice 2007
300 ## - PHYSICAL DESCRIPTION
Extent xi, 94 páginas ;
Dimensions 18 cm.
336 ## - CONTENT TYPE
Content type term texto
Source rdacontent
Content type code txt
337 ## - MEDIA TYPE
Media type term sin medio
Source rdamedia
Media type code n
338 ## - CARRIER TYPE
Carrier type term volumen
Source rdacarrier
Carrier type code nc
490 0# - SERIES STATEMENT
Series statement Pocket Mentor
650 #4 - SUBJECT ADDED ENTRY--TOPICAL TERM
Topical term or geographic name entry element Finanzas
942 ## - ADDED ENTRY ELEMENTS (KOHA)
Classification part 658.15
Item part UND
Koha item type Libro
Existencias
Withdrawn status Lost status Source of classification or shelving scheme Damaged status Not for loan Collection code Home library Current library Shelving location Date acquired Source of acquisition Inventory number Total Checkouts Full call number Barcode Date last seen Date last checked out Price effective from Koha item type
    Dewey Decimal Classification     General Biblioteca Karol Wojtyla Biblioteca Karol Wojtyla Sala general 21/03/2017 Compra 151000000000000000019843   658.15 UND 2007 97055 05/01/2026 23/10/2017 29/03/2017 Libro